| 000 | 00315nam a22001097a 4500 | ||
|---|---|---|---|
| 008 | 230621b xxu||||| |||| 00| 0 eng d | ||
| 082 |
_a328.33 _bSCT 2003 |
||
| 245 |
_aSociety of Clerks-At-The-Table in Commonwealth Parliaments _bList of Members as at 3 July 2003 |
||
| 260 | _c2003 | ||
| 300 | _a29p | ||
| 942 |
_2ddc _cBK |
||
| 999 |
_c2329 _d2329 |
||